000 00686nam a2200241Ia 4500
003 OSt
005 20220925194141.0
006 a|||||r|||| 00| 0
007 ta
008 220923b |||||||| |||| 00| 0 eng d
037 _cGeneral Book
040 _aRTL
_cRTL
_beng
041 _2eng
_aeng
082 _aU42.3.N5, J4
100 _aIsaac Julius
245 0 _aBritish post-war migration.
260 _aCambridge
_bCUP
_c1954
300 _axix, 310p.
_ccm.
490 _aNational Institute of Economic and Social Research: Occasional Papers, No 17
650 _aMigration
942 _hU42.3.N5, J4
_cGB
_2CC
999 _c528417
_d528417